000 00995cam a2200253 4500
001 WS120458
008 021114n 000 0 eng u
035 _a(Sirsi) u120458
110 _aCarbon Trust
_94377
245 _aAction Energy
520 _aWeb site for this organisation run by the Carbon Trust, which helps businesses and organisations of all sizes save money by improving their energy efficiency. Includes case studies of successful projects, a glossary of terms, details of publications and information split by different types of building and industry.
650 _aCASE STUDIES
650 _aGLOSSARY
650 _aHOUSING
650 _aOFFICES
650 _aRETAIL
650 _aSCHOOLS
650 _aHOSPITALS
650 _aINDUSTRY
690 _aENERGY-EFFICIENCY
690 _aENVIRONMENTAL AND LAND CONSULTANCY-ENERGY-RENEWABLE ENERGY
856 4 0 _uhttps://www.actionenergy.org.uk
_zView the website free of charge at www.actionenergy.org.uk...
942 _n0
999 _c120219
_d120219